Travail / (Record no. 168214)
[ view plain ]
| 000 -LEADER | |
|---|---|
| campo de control de longitud fija | 00671nam a2200217 i 4500 |
| 001 - NÚMERO DE CONTROL | |
| campo de control | 168214 |
| 003 - IDENTIFICADOR DE NÚMERO DE CONTROL | |
| campo de control | ES-MaACL |
| 005 - FECHA Y HORA DE LA ÚLTIMA TRANSACCIÓN | |
| campo de control | 20250717013110.0 |
| 008 - DATOS DE LONGITUD FIJA--INFORMACIÓN GENERAL | |
| campo de control de longitud fija | 051005s1901 fr | |||||||| ||fre d |
| 040 ## - FUENTE DE CATALOGACIÓN | |
| Centro catalogador/agencia de origen | CAM |
| Lengua de catalogación | spa |
| Centro/agencia transcriptor | CAM |
| 100 1# - ENTRADA PRINCIPAL--NOMBRE DE PERSONA | |
| Nombre de persona | Zola, Émile, |
| Fechas asociadas al nombre | 1840-1902 |
| 9 (RLIN) | 118331 |
| 245 10 - MENCIÓN DEL TÍTULO | |
| Título | Travail / |
| Mención de responsabilidad, etc. | par Émile Zola. |
| 260 ## - PUBLICACIÓN, DISTRIBUCIÓN, ETC. | |
| Lugar de publicación, distribución, etc. | Paris : |
| Nombre del editor, distribuidor, etc. | Eugène Fasquelle, |
| Fecha de publicación, distribución, etc. | 1901. |
| 300 ## - DESCRIPCIÓN FÍSICA | |
| Extensión | 666 p. ; |
| Dimensiones | 19 cm. |
| 490 1# - MENCIÓN DE SERIE | |
| Mención de serie | Les Quatre Évangiles |
| 490 1# - MENCIÓN DE SERIE | |
| Mención de serie | Bibliothèque Charpentier |
| 830 0# - PUNTO DE ACCESO ADICIONAL DE SERIE-TÍTULO UNIFORME | |
| Título uniforme | Les Quatre Évangiles |
| 9 (RLIN) | 222700 |
| 830 00 - PUNTO DE ACCESO ADICIONAL DE SERIE-TÍTULO UNIFORME | |
| Título uniforme | Bibliothèque Charpentier |
| 9 (RLIN) | 182245 |
| 852 ## - LOCALIZACIÓN | |
| Ubicación | ES-MaACL |
| Número de control de estantería | B-3217 |
| Nota libre | -- Enc. pasta española |
| Estatus retirado | Estado de pérdida | Estado de daño | No para préstamo | Biblioteca de origen | Biblioteca actual | Ubicación en estantería | Fecha de adquisición | Fuente de adquisición | Total de préstamos | Signatura topográfica completa | Código de barras | Visto por última vez | Precio de reemplazo | Tipo de ítem Koha |
|---|---|---|---|---|---|---|---|---|---|---|---|---|---|---|
| Biblioteca del Ateneo de Madrid | Biblioteca del Ateneo de Madrid | Sala Pardo Bazán | 17/01/2008 | B-3217 | 1176500 | 23/02/2023 | 23/02/2023 | Libro impreso antiguo |
